| 000 | 02579nam a2200613 i 4500 | ||
|---|---|---|---|
| 001 | 8771 | ||
| 003 | KOSZ 005 | ||
| 005 | 20200528125952.0 | ||
| 008 | 200528s1970 pl a f 000 0 pol | ||
| 015 | _aPB 1970/8940 | ||
| 035 | _a991036080369705066 | ||
| 035 | _a(PL-WaBN)b19695962-48omnis_nlop | ||
| 035 | _ab19695962 | ||
| 035 | _a(OCoLC)749865554 | ||
| 035 | _a(PL)b0000001969596 | ||
| 035 | _a(EXLNZ-48OMNIS_NETWORK)9910283312905606 | ||
| 040 |
_aWA N _cWA N _dKOSZ 005/HR _dKOSZ 005/RW |
||
| 046 | _k1970 | ||
| 080 | _a69:631.2 | ||
| 080 | _a624.012.4 | ||
| 245 | 0 | 0 |
_aBudowle wiejskie / _cWładysław Bacciarelli [et al.] ; kierownik zespołu autorskiego Wincenty Michniewicz ; redakcja naukowa Andrzej Machalski ; Polska Akademia Nauk. Komitet Inżynierii |
| 260 |
_aWarszawa : _b"Arkady", _c1970. |
||
| 300 |
_a344, [4] strony : _bilustracje ; _c25 cm. |
||
| 336 |
_2rdacontent _aTekst _btxt |
||
| 337 |
_2rdamedia _aBez urządzeniapośredniczącego _bn |
||
| 338 |
_2rdacarrier _aWolumin _bnc |
||
| 380 | _aKsiążki | ||
| 380 | _aPublikacje fachowe | ||
| 385 |
_mPoziom nauczania _aSzkoły wyższe |
||
| 388 | _a1901-2000 | ||
| 388 | _a1945-1989 | ||
| 490 | 1 |
_aBudownictwo betonowe / red. Eugeniusz Piliszek, Stanisław Serafin ; _vt.11 |
|
| 500 | _aDane opisu na stronach 1-2, 5-6 i ostatniej. | ||
| 504 | _aBibliografia przy rozdziałach. | ||
| 521 | 8 | _aKsiążka przeznaczona jest dla ogółu inżynierów i magistrów inżynierów budowlanych oraz pracowników naukowych, specjalizujących się w zagadnieniach betonu, żelbetu i betonu sprężonego. Tom XI jest szczególnie przydatny dla inżynierów budownictwa wiejskiego. | |
| 650 | 7 |
_aBudownictwo wiejskie _2DBN |
|
| 650 | 7 |
_aKonstrukcje betonowe _2DBN |
|
| 650 | 7 |
_aKonstrukcje żelbetowe _2DBN |
|
| 655 | 7 | _aPraca zbiorowa | |
| 658 | _aArchitektura i budownictwo | ||
| 700 | 1 |
_aBacciarelli, Władysław _eAutor |
|
| 700 | 1 |
_aKierul, Zenon _eAutor |
|
| 700 | 1 |
_aManiecki, Florian _d(1927-2008) _eAutor |
|
| 700 | 1 |
_aMichniewicz, Wincenty _eAutor |
|
| 700 | 1 |
_aSalamon, Adam _eAutor |
|
| 700 | 1 |
_aMachalski, Andrzej _eRedakcja |
|
| 700 | 1 |
_aPiliszek, Eugeniusz _c(budownictwo) _eRedakcja |
|
| 700 | 1 |
_aSerafin, Stanisław _eRedakcja |
|
| 710 | 2 |
_aWydawnictwo Arkady _4pbl |
|
| 830 | 0 |
_aBudownictwo betonowe _vt.11 |
|
| 856 |
_uhttp://koha.tu.koszalin.pl/cgi-bin/koha/opac-detail.pl?biblionumber=8771 _yKatalog online BPK |
||
| 942 |
_2UKD _cKS |
||
| 999 |
_c8771 _d8771 |
||